00471nam a2200145Ia 4500008004100000024001400041082001700055100001600072245002800088260002500116600002100141650003800162952010800200999001700308250506s9999 xx 000 0 und d a11B-52-BS a005.1072 ARE aAreeba Khan 0aCargo Managemnet System aKarachi:bUIT,c2011 aComputer Science aBachelor of Computer Science (BS) 001040708PR-CSaUITUbUITUd2022-07-26l0o005.1072 AREpBS-428r2025-05-06 11:34:25w2025-05-06yPR c28414d28414